|
|
|
|
| LEADER |
00000nab a2200000 a 4500 |
| 001 |
vtls000358050 |
| 003 |
SK-MaSNL |
| 005 |
20260302223634.0 |
| 008 |
160215c1989 xo 0 slo |
| 015 |
|
|
|a SNBRB19rr/mm-uuuuu
|
| 035 |
|
|
|a CL0358172
|
| 040 |
|
|
|a SNKBUCL
|b slo
|c SNKBUCL
|e AACR2
|
| 041 |
0 |
|
|a slo
|
| 044 |
|
|
|a xo
|c SK
|
| 080 |
|
|
|a 82.09:885.4-1
|2 1981
|
| 080 |
|
|
|a 885.4-1
|2 1981
|
| 080 |
|
|
|a 885.4-1.09
|2 1981
|
| 100 |
1 |
|
|a Gabaľ, Peter
|4 aut
|9 953599
|
| 245 |
1 |
0 |
|a Recesej
|c Peter Gabaľ ; Taťjana Lehenová
|
| 600 |
1 |
7 |
|a Lehenová, Taťjana,
|d 1961-
|2 snkbucl
|9 109796
|
| 655 |
|
7 |
|a články z novín a časopisov
|2 snkbucl
|9 267496
|
| 655 |
|
7 |
|a články z odboru literárna veda a krásna literatúra
|2 snkbucl
|9 770045
|
| 773 |
0 |
|
|t Smena
|g Roč. 42, č. 169 (20. 7. 1989), s. 6
|
| 850 |
|
|
|a Slovenská národná knižnica v Martine
|a MTA001
|
| 852 |
|
|
|a SNK
|b KIS3GCP
|
| 958 |
|
|
|a BX
|
| 958 |
|
|
|a RK
|
| 958 |
|
|
|a LX
|
| 992 |
|
|
|a RBX
|
| 999 |
|
|
|c 1521205
|d 1523135
|